000 00473nam a2200169Ia 4500
999 _c27750
_d27750
003 OSt
005 20210108161938.0
008 190216s9999||||xx |||||||||||||| ||und||
040 _coclc
082 _a894.812301
_bNAN/O
100 _aNandanar
_97180
245 0 _aOru Souhruda Sandarashanam /
_cNandanar
260 _bCurrent Books,
_aTrivandrum:
300 _a97p
650 _aMalayalam
942 _cBK
_2ddc
_h894.812301
_iNAN/O
_k894.812301
_mNAN/O